00488nam a2200169Ia 4500008004100000100001900041245003700060245001800097260002500115260000900140300002900149440006800178650001500246650001200261650001200273650003300285200115s9999 xx 000 0 und d aNelson, Brooke aHow to avoid hackers on holiday/ cBrooke Nelson bReader's Digest Asia c2019 aPages 78-80, August 2019 aAsia Reader's Digest: Acts of Kindness Everyone can dov116:678 acybercrime ahackers ahacking aidentity theft -- Prevention